Archaeology underwater : the NAS guide to principles and practice /

محفوظ في:

مؤلف مشترك: Nautical Archaeology Society.

مؤلفون آخرون: Dean, Martin.

التنسيق: كتاب

اللغة: English

منشور في: Portsmouth [England] ; London : Nautical Archaeology Society : Archetype Publications, 1995.

الطبعة: 1st ed., reprint with corrections.

الموضوعات:

الوسوم: إضافة وسم

لا توجد وسوم, كن أول من يضع وسما على هذه التسجيلة!

رقم الطلب: CC77 .U5 A72 1995

LEADER 00909nam a2200253Ia 4500
001 5250
003 OSt
005 20251023113403.0
008 130303s1995 enkab b 001 0 eng d
035 |a ocm32460362 
040 |c ARCE Library 
050 4 |a CC77 .U5 A72 1995 
245 0 0 |a Archaeology underwater :   |b the NAS guide to principles and practice /   |c edited by Martin Dean ... [et al.] 
250 |a 1st ed., reprint with corrections. 
264 1 |a Portsmouth [England] ;  |a London :  |b Nautical Archaeology Society :  |b Archetype Publications,  |c 1995. 
300 |a x, 332 page :  |b illustrations, maps ;  |c 25 cm. 
500 |a "Drawings by Ben Ferrari except where otherwise credited" 
504 |a Includes bibliographical references and index. 
650 0 |a Underwater archaeology. 
700 1 |a Dean, Martin. 
710 2 |a Nautical Archaeology Society. 
901 |a reviewed 
942 |c BK  |2 lcc 
999 |c 5188  |d 5188